• 首页
  • 本馆介绍
  • 公告通知
  • 最新文献
  • 馆藏检索
  • 电子资源
  • 读者导购
  • 参考咨询
  • 我的图书馆
  • 登录
  • 详细信息显示
  • 放入我的书架
  • 预约/预借图书
  • 作者相关作品
  • 分类相关作品
  • 丛书相关作品
  • 出版社相关作品

书目信息

  • 表格格式
  • 工作单格式
  • 卡片格式
题名:
怎样使用化学纤维纺织品
    
 
作者: 李泽 编
分册:  
出版信息: 北京   轻工业出版社  1973
页数: 82页
开本: 19cm
丛书名:
单 册:
中图分类: TS102.5
科图分类:
主题词: 轻工业 , 手工业 , 手工业史
电子资源:
ISBN:
000 00638nam0 2200241 45
001 0405181153
005 20040518111729.5
010    @dCNY0.25
091    @a15042.1307
100    @a20040518d1973 km y0chiy0120 ea
101 0  @achi
105    @a z 000yy
200 1  @a怎样使用化学纤维纺织品@AZen Yang Shi Yong Hua Xue Xian Wei Fang Zhi Pin@f李泽等编@FLi Ze Deng Bian
205    @a修订本
210    @a北京@c轻工业出版社@d1973
215    @a82页@c图@d19cm
606 0  @a轻工业
606 0  @a手工业
606 0  @a手工业史
690    @aTS102.5@v3
701  0 @a李泽@4编
801    @aCN@bTSTCL@c20040518
905    @f1@b17953@dTS102.5@e3
    
    怎样使用化学纤维纺织品/李泽等编.-修订本.-北京:轻工业出版社,1973
    82页:图;19cm
    
    
    ISBN :CNY0.25
    
●
相关链接 在E读中查询图书 在五车中查询图书 在当当中查询图书 在豆瓣中查询图书


正题名:怎样使用化学纤维纺织品     索取号:TS102.5/3         预约/预借

序号 登录号 条形码 馆藏地/架位号 状态 备注
1 0017953   001477887   第二样本阅览室/ [索取号:TS102.5/3] 在馆    
唐山师范学院图书馆 欢迎您!
大连网信软件有限公司© 版权所有